| 000 | 01149cam a2200349 a 4500 | ||
|---|---|---|---|
| 999 |
_c57501 _d57501 |
||
| 001 | 1524493 | ||
| 005 | 20200629134942.0 | ||
| 008 | 900927s1992 mdua b 001 0 eng c | ||
| 010 | _a 90013124 | ||
| 020 | _a0683066544 | ||
| 020 | _a9780683066548 | ||
| 040 |
_aDNLM/DLC _cDLC _dDLC |
||
| 041 | _aeng | ||
| 050 | 0 | 0 |
_aRZ255 _b.O73 1991 |
| 060 | _aWB 541 O65d | ||
| 080 | _a616 O069 | ||
| 082 | 0 | 0 |
_a615.8/2 _220 |
| 100 | 1 |
_aOrdet, Stephen M. _98880 |
|
| 245 | 1 | 0 |
_aDynamics of clinical rehabilitative exercise / _cStephen M. Ordet, Leonard S. Grand. |
| 260 |
_aBaltimore : _bWilliams & Wilkins, _cc1992. |
||
| 300 |
_axii, 283 p. : _bill. ; _c26 cm. |
||
| 504 | _aIncludes bibliographical references and index. | ||
| 650 | 0 |
_aExercise therapy. _98881 |
|
| 650 | 0 |
_aChiropractic. _98882 |
|
| 650 | 2 |
_aExercise Therapy. _98883 |
|
| 653 | _aმედიცინა | ||
| 653 | _aსარეაბილიტაციო ვარჯიშები | ||
| 700 | 1 |
_aGrand, Leonard S. _eავტორი _98884 |
|
| 906 |
_a7 _bcbc _corignew _d1 _eocip _f19 _gy-gencatlg |
||
| 942 |
_2udc _cBK |
||
| 955 | _aCIP ver. ta06; to SL 02-07-92 | ||